| 000 | 00391nam a2200145Ia 4500 | ||
|---|---|---|---|
| 999 |
_c7711 _d7711 |
||
| 003 | GBCCL | ||
| 005 | 20241126110634.0 | ||
| 008 | 180912b ||||| |||| 00| 0 eng d | ||
| 040 | _cGBC | ||
| 082 |
_aSOU SPE _b2007 |
||
| 245 |
_aSpecial souvenir: _bYoung Paite Association Imphal block / _cchief editor, G Tuankholian |
||
| 260 |
_c2007 _aImphal: _bYPA |
||
| 300 | _a94p. ; | ||
| 942 |
_2ddc _cARCH |
||